Knowledge Based Intelligent Techniques In Character Recognition (Record no. 25659)
[ view plain ]
| 000 -LEADER | |
|---|---|
| fixed length control field | 00360nam a22001457a 4500 |
| 003 - CONTROL NUMBER IDENTIFIER | |
| control field | OSt |
| 005 - DATE AND TIME OF LATEST TRANSACTION | |
| control field | 20220103090007.0 |
| 008 - FIXED-LENGTH DATA ELEMENTS--GENERAL INFORMATION | |
| fixed length control field | 220103b |||||||| |||| 00| 0 eng d |
| 020 ## - INTERNATIONAL STANDARD BOOK NUMBER | |
| International Standard Book Number | 084939807x |
| 040 ## - CATALOGING SOURCE | |
| Transcribing agency | HU |
| 082 ## - DEWEY DECIMAL CLASSIFICATION NUMBER | |
| Classification number | 006.424 |
| 100 ## - MAIN ENTRY--PERSONAL NAME | |
| Personal name | Kno |
| 9 (RLIN) | 26712 |
| 245 ## - TITLE STATEMENT | |
| Title | Knowledge Based Intelligent Techniques In Character Recognition |
| 942 ## - ADDED ENTRY ELEMENTS (KOHA) | |
| Source of classification or shelving scheme | Dewey Decimal Classification |
| Koha item type | Books like text book referance book |
| Suppress in OPAC | No |
| Withdrawn status | Lost status | Source of classification or shelving scheme | Damaged status | Not for loan | Home library | Current library | Shelving location | Date acquired | Total Checkouts | Full call number | Barcode | Date last seen | Copy number | Price effective from | Koha item type |
|---|---|---|---|---|---|---|---|---|---|---|---|---|---|---|---|
| Dewey Decimal Classification | IoT Library | IoT Library | General Stacks | 01/03/2022 | 006.424/KNO1999 | IOTL0003474 | 01/03/2022 | 1 | 01/03/2022 | Books like text book referance book | |||||
| Dewey Decimal Classification | IoT Library | IoT Library | General Stacks | 01/03/2022 | 006.424/KNO1999 | IOTL0003475 | 01/03/2022 | 2 | 01/03/2022 | Books like text book referance book | |||||
| Dewey Decimal Classification | IoT Library | IoT Library | General Stacks | 01/03/2022 | 006.424/KNO1999 | IOTL0003476 | 01/03/2022 | 3 | 01/03/2022 | Books like text book referance book |